000 00660cam a2200217 4500500
005 20260329003946.0
041 _afre
042 _adc
100 1 0 _ade Saint Maurice, Thibaut
_eauthor
245 0 0 _aLe complexe des trois singes. Essai sur l’animalité humaine
260 _c2017.
500 _a40
690 _aAnimal
690 _aÉtienne Bimbenet
690 _aHomme
690 _aNature
690 _aSpécisme
690 _aZoocentrisme
786 0 _nPhilosophie magazine | 113 | 10 | 2017-10-01 | p. 55-56 | 1951-1787
856 4 1 _uhttps://shs.cairn.info/magazine-philosophie-magazine-2017-10-page-55?lang=fr&redirect-ssocas=7080
999 _c1829294
_d1829294